Estadísticas para Prueba de Botsuana

Haz click aquí para intentar la prueba.

Estadísticas generales

  • Esta prueba ha sido intentada 462 veces
  • La puntuación promedio es 12 de 16

Estadísticas de respuestas

PistaRespuesta% Correcto
Países limítrofesSudáfrica
98%
Idiomas oficialesInglés
97%
Países limítrofesZambia
96%
Países limítrofesZimbabue
96%
Países limítrofesNamibia
94%
País del que Botsuana obtuvo su independencia en 1966Reino Unido
94%
Aproximadamente el 22% de los adultos son positivos para este virusVIH
92%
Botsuana tiene más de estos grandes animales que viven
en estado salvaje que cualquier otro país.
Elefantes
91%
¿Qué representa el 62% de las exportaciones de Botsuana?
(pista: proviene de las minas)
Diamantes
80%
Capital de BotsuanaGaborone
75%
La mitad del territorio de Botsuana se encuentra en este desiertoKalahari
72%
El río Okavango es interesante,
porque tiene una ____, pero no llega al mar.
Delta
49%
Las lenguas indígenas de khoisan son inusuales,
porque usan frecuentemente estos sonidos
Tecleos
37%
Idiomas oficialesSetsuana
33%
Río que fluye en la frontera sur de Botsuana
antes de desembocar en el Océano Índico
Río Limpopo
26%
Moneda de BotsuanaPula
25%

Distribución de puntuación

Porcentaje por número respondido

Porcentaje de gente con cada puntuación

Historial de tus puntuaciones

No has intentado esta prueba.